Southville International School and Colleges
Your cart is empty.
  • Cart
  • Lists
    Public lists Eva Luna New books Lux_list list_1
    Your lists Log in to create your own lists
  • Log in to your account
  • Your cookies
  • Search history
Southville International School and Colleges
  • Advanced search
  • Recent comments
  • Most popular
  • Libraries

Log in to your account

Log in with GOOGLE


If you do not have an external account, but do have a local account, you can still log in:

  1. Home
  2. MARC view: Ewan McGregor /
Normal view MARC view ISBD view

Ewan McGregor / (Record no. 9296)

[ view plain ]
MARC details
000 -LEADER
fixed length control field 01203cam a22003494a 4500
001 - CONTROL NUMBER
control field 3578723
003 - CONTROL NUMBER IDENTIFIER
control field SISC
005 - DATE AND TIME OF LATEST TRANSACTION
control field 20160307142406.0
008 - FIXED-LENGTH DATA ELEMENTS--GENERAL INFORMATION
fixed length control field 990310s1999 nyua q 000 0beng c
010 ## - LIBRARY OF CONGRESS CONTROL NUMBER
LC control number 99204496
020 ## - INTERNATIONAL STANDARD BOOK NUMBER
International Standard Book Number 0312969104
035 ## - SYSTEM CONTROL NUMBER
System control number (OCoLC)40935444
040 ## - CATALOGING SOURCE
Original cataloging agency OCl
Transcribing agency OCl
Modifying agency CoD
-- DLC
042 ## - AUTHENTICATION CODE
Authentication code pcc
043 ## - GEOGRAPHIC AREA CODE
Geographic area code e-uk-st
050 04 - LIBRARY OF CONGRESS CALL NUMBER
Classification number PN 2604.M38
Item number .N53 1999
082 00 - DEWEY DECIMAL CLASSIFICATION NUMBER
Classification number HS 927.9143
-- N53 1999
100 1# - MAIN ENTRY--PERSONAL NAME
Personal name Nickson, Chris.
9 (RLIN) 13121
245 10 - TITLE STATEMENT
Title Ewan McGregor /
Statement of responsibility, etc Chris Nickson
246 14 - VARYING FORM OF TITLE
Title proper/short title Great Scot, it's-- Ewan McGregor :
Remainder of title an unauthorized biography
250 ## - EDITION STATEMENT
Edition statement St. Martin's paperback ed.
260 ## - PUBLICATION, DISTRIBUTION, ETC. (IMPRINT)
Place of publication, distribution, etc New York, N.Y. :
Name of publisher, distributor, etc St. Martin's Paperbacks,
Date of publication, distribution, etc c1999.
300 ## - PHYSICAL DESCRIPTION
Extent 179 p. :
Other physical details ill. ;
Dimensions 18 cm.
600 10 - SUBJECT ADDED ENTRY--PERSONAL NAME
Personal name McGregor, Ewan,
Dates associated with a name 1971-
9 (RLIN) 13122
650 #0 - SUBJECT ADDED ENTRY--TOPICAL TERM
Topical term or geographic name as entry element Motion picture actors and actresses
Geographic subdivision Scotland
Form subdivision Biography.
9 (RLIN) 13123
856 42 - ELECTRONIC LOCATION AND ACCESS
Materials specified Publisher description
Uniform Resource Identifier <a href="http://www.loc.gov/catdir/description/hol057/99204496.html">http://www.loc.gov/catdir/description/hol057/99204496.html</a>
906 ## - LOCAL DATA ELEMENT F, LDF (RLIN)
a 7
b cbc
c pccadap
d u
e ncip
f 19
g y-gencatlg
942 ## - ADDED ENTRY ELEMENTS (KOHA)
Source of classification or shelving scheme Library of Congress Classification
Koha item type Books
Holdings
Withdrawn status Lost status Source of classification or shelving scheme Damaged status Home library Current library Shelving location Date acquired Total Checkouts Full call number Barcode Date last seen Copy number Price effective from Koha item type
    Library of Congress Classification   Luxembourg Library Luxembourg Library High School Section 08/24/2013   PN 2604.M38 .N53 1999 11089 03/07/2016 1 08/24/2013 Books

Ewan McGregor /

APA

Nickson C., . (1999). Ewan McGregor. New York, N.Y: St. Martin's Paperbacks.

Chicago

Nickson Chris, . 1999. Ewan McGregor. New York, N.Y: St. Martin's Paperbacks.

Harvard

Nickson C., . (1999). Ewan McGregor. New York, N.Y: St. Martin's Paperbacks.

MLA

Nickson Chris, . Ewan McGregor. New York, N.Y: St. Martin's Paperbacks. 1999.

  • Place hold
  • Print
  • Cite
  • Add to your cart (remove)
  • Save record
    BIBTEX Dublin Core MARCXML MARC (non-Unicode/MARC-8) MARC (Unicode/UTF-8) MARC (Unicode/UTF-8, Standard) MODS (XML) RIS
  • More searches
    Search for this title in:
    Other Libraries (WorldCat) Other Databases (Google Scholar) Online Stores (Bookfinder.com) Open Library (openlibrary.org)

Exporting to Dublin Core...

SOUTHVILLE LIBRARY

Southville International School and Colleges Library

1281 Tropical Ave. Cor. Luxembourg St., BF Homes International, Las Pinas City

Tel. No. 8256374 / 252358 Loc. 117/146

Powered by Koha